[Event "Sachsen-ch U16"]
[Site "Sebnitz"]
[Date "2009.04.17"]
[Round "6"]
[White "Jentzsch, Jakob"]
[Black "Grumpelt, Rico"]
[Result "1/2-1/2"]
[WhiteElo "1580"]
[BlackElo "1264"]
[PlyCount "38"]
[EventDate "2009.04.14"]
[EventType "swiss"]
[EventRounds "7"]
[EventCountry "GER"]
[SourceTitle "EXT 2010"]
[Source "ChessBase"]
[SourceDate "2010.11.25"]
[SourceVersion "1"]
[SourceVersionDate "2010.11.25"]
[SourceQuality "1"]

1. e4 b6 2. d4 e6 3. Bf4 Bb7 4. Bd3 Nf6 5. f3 c5 6. Ne2 Nc6 7. c3 Be7 8. Nd2 0-0 9. Qc2 h6 10. g4 Rc8 11. Nb3 d6 12. Qd2 e5 13. Bxh6 gxh6 14. Qxh6 exd4 15. g5 Nh7 16. g6 fxg6 17. Qxg6+ Kh8 18. cxd4 Rg8 19. Qh5 Bh4+ 1/2-1/2

[Event "GER-chT U16"]
[Site "Bingen"]
[Date "2008.12.27"]
[Round "2.4"]
[White "Akram, Shumon"]
[Black "Jentzsch, Jakob"]
[Result "1/2-1/2"]
[WhiteElo "1515"]
[BlackElo "1528"]
[PlyCount "115"]
[EventDate "2008.12.27"]
[EventType "team-swiss"]
[EventRounds "7"]
[EventCountry "GER"]
[SourceTitle "EXT 2010"]
[Source "ChessBase"]
[SourceDate "2010.11.25"]
[SourceVersion "1"]
[SourceVersionDate "2010.11.25"]
[SourceQuality "1"]
[WhiteTeam "Hamburg Koenigsspringer U16"]
[BlackTeam "Chemnitz USG U16"]
[WhiteTeamCountry "GER"]
[BlackTeamCountry "GER"]

1. e4 c6 2. d4 d5 3. exd5 cxd5 4. Bd3 Nc6 5. c3 Qc7 6. Nf3 h6 7. 0-0 e6 8. Re1 Bd6 9. Qe2 Nge7 10. Ne5 Bd7 11. Bf4 Nxe5 12. Bxe5 f6 13. Qh5+ Kd8 14. Bxd6 Qxd6 15. Nd2 Rf8 16. Nb3 Kc7 17. Nc5 Nc6 18. Bb5 Rae8 19. Nxd7 Qxd7 20. Re3 a6 21. Bxc6 Kxc6 22. Rae1 Re7 23. c4 b6 24. cxd5+ Qxd5 25. Qxd5+ Kxd5 26. Rc3 Rd8 27. Kf1 Rdd7 28. Rd1 Rc7 29. Rxc7 Rxc7 30. Rd2 Rc4 31. Ke2 Rxd4 32. Rc2 Rc4 33. Rd2+ Kc6 34. Kd1 Rc5 35. Ke2 Kc7 36. h3 h5 37. Kf1 f5 38. Ke2 g5 39. Kf3 a5 40. Kg3 h4+ 41. Kf3 a4 42. g3 hxg3 43. Kxg3 b5 44. h4 gxh4+ 45. Kxh4 b4 46. Kg5 b3 47. axb3 axb3 48. Rd3 Rc2 49. Rxb3 Rxf2 50. Re3 Kd7 51. Kf6 f4 52. Rxe6 Rxb2 53. Re1 f3 54. Rf1 Rb8 55. Kf5 Kd6 56. Ke4 f2 57. Rxf2 Re8+ 58. Kf3 1/2-1/2

[Event "GER-chT WK 3 U16"]
[Site "Kiel"]
[Date "2007.05.17"]
[Round "5.3"]
[White "Jentzsch, Jakob"]
[Black "Bonner, Christian"]
[Result "1/2-1/2"]
[WhiteElo "1387"]
[BlackElo "1028"]
[PlyCount "48"]
[EventDate "2007.05.17"]
[EventType "team-swiss"]
[EventRounds "7"]
[EventCountry "GER"]
[SourceTitle "EXT 2008"]
[Source "ChessBase"]
[SourceDate "2007.11.25"]
[SourceVersion "1"]
[SourceVersionDate "2007.11.25"]
[SourceQuality "1"]

1. e4 e5 2. Nf3 Nc6 3. d4 exd4 4. Nxd4 Nxd4 5. Qxd4 d6 6. Nc3 Be6 7. Bf4 Nf6 8. Rd1 Be7 9. e5 dxe5 10. Qxe5 Bd6 11. Qb5+ Bd7 12. Qxb7 Bxf4 13. Be2 0-0 14. Qf3 Bd6 15. 0-0 Ng4 16. g3 Qg5 17. Qg2 Qh6 18. Rd4 Bc6 19. Nd5 Bxd5 20. Rxd5 Nf6 21. Rd3 Qg5 22. Rfd1 Qe5 23. Bf3 Rad8 24. c3 Rfe8 1/2-1/2

[Event "Sachsen-ch U14"]
[Site "Sebnitz"]
[Date "2007.04.11"]
[Round "2"]
[White "Jentzsch, Jakob"]
[Black "Thieme, Alexander"]
[Result "1-0"]
[WhiteElo "1398"]
[BlackElo "1040"]
[PlyCount "45"]
[EventDate "2007.04.10"]
[EventType "swiss"]
[EventRounds "7"]
[EventCountry "GER"]
[SourceTitle "EXT 2008"]
[Source "ChessBase"]
[SourceDate "2007.11.25"]
[SourceVersion "1"]
[SourceVersionDate "2007.11.25"]
[SourceQuality "1"]

1. e4 e5 2. Nf3 Nc6 3. d4 Bd6 4. Bb5 f6 5. Bxc6 bxc6 6. dxe5 Bxe5 7. Nxe5 fxe5 8. Qh5+ g6 9. Qxe5+ Qe7 10. Qxh8 Qf7 11. 0-0 Ba6 12. Re1 0-0-0 13. Qd4 d6 14. Qxa7 Bc4 15. Be3 Nf6 16. Nd2 Ng4 17. Bg5 Re8 18. Qd4 d5 19. exd5 Rxe1+ 20. Rxe1 cxd5 21. Qxg4+ Qd7 22. Re8+ Kb7 23. Qxd7 1-0

[Event "Sachsen-ch U12"]
[Site "Sebnitz"]
[Date "2005.04.01"]
[Round "7"]
[White "Jentzsch, Jakob"]
[Black "Funke, Johannes"]
[Result "1-0"]
[WhiteElo "1244"]
[BlackElo "1247"]
[PlyCount "102"]
[EventDate "2005.03.29"]
[EventType "swiss"]
[EventRounds "7"]
[EventCountry "GER"]
[SourceTitle "EXT 2007"]
[Source "ChessBase"]
[SourceDate "2006.11.23"]
[SourceVersion "1"]
[SourceVersionDate "2006.11.23"]
[SourceQuality "1"]

1. e4 c5 2. Nf3 d6 3. d4 cxd4 4. Nxd4 Nf6 5. Nc3 g6 6. Be3 Bg7 7. Be2 a6 8. Qd2 Ng4 9. Bxg4 Bxg4 10. f3 Bd7 11. 0-0-0 0-0 12. Bh6 Qa5 13. Kb1 Nc6 14. Bxg7 Kxg7 15. Nb3 Qb4 16. a3 Qb6 17. Nd5 Qa7 18. Qc3+ Kg8 19. Na5 Rae8 20. Nxc6 Bxc6 21. Nb4 Rc8 22. Qd4 Qxd4 23. Rxd4 Rfd8 24. Rhd1 Ba4 25. b3 Bb5 26. a4 Bd7 27. e5 a5 28. Na2 Bf5 29. R1d2 Rc6 30. Kb2 Be6 31. Nc3 Kg7 32. Nb5 d5 33. c4 Bf5 34. g4 Bd7 35. Rxd5 f6 36. exf6+ Rxf6 37. Rxd7 Rxd7 38. Rxd7 Rxf3 39. Rxe7+ Kh6 40. Rxb7 Rf2+ 41. Ka3 Rxh2 42. Ra7 Kg5 43. Rxa5 Kxg4 44. Nd4 h5 45. Ne6 h4 46. Rg5+ Kf3 47. Rxg6 h3 48. Ng5+ Kg3 49. Nxh3+ Kxh3 50. Rh6+ Kg2 51. Rxh2+ Kxh2 1-0

[Event "Sachsen-ch U12"]
[Site "Sebnitz"]
[Date "2005.03.30"]
[Round "3"]
[White "Jentzsch, Jakob"]
[Black "Moehn, Hans"]
[Result "1-0"]
[WhiteElo "1244"]
[BlackElo "1196"]
[PlyCount "65"]
[EventDate "2005.03.29"]
[EventType "swiss"]
[EventRounds "7"]
[EventCountry "GER"]
[SourceTitle "EXT 2007"]
[Source "ChessBase"]
[SourceDate "2006.11.23"]
[SourceVersion "1"]
[SourceVersionDate "2006.11.23"]
[SourceQuality "1"]

1. e4 c5 2. Nf3 d6 3. Nc3 Nc6 4. Bb5 Bd7 5. Bxc6 Bxc6 6. d4 Nf6 7. d5 Bd7 8. Bg5 e6 9. Qe2 Be7 10. e5 dxe5 11. Qxe5 0-0 12. d6 b6 13. dxe7 Qxe7 14. Nd5 Qd8 15. Bxf6 gxf6 16. Nxf6+ Kg7 17. Nxd7+ Kg8 18. Nxf8 Kxf8 19. Qh8+ Ke7 20. Qxh7 Qd5 21. Qh4+ Kd7 22. Rd1 Qxd1+ 23. Kxd1 Kc6 24. Qe4+ Kc7 25. Qxa8 f6 26. Qxa7+ Kd6 27. Qxb6+ Kd5 28. c4+ Kxc4 29. Qxe6+ Kb5 30. a4+ Kxa4 31. Qb6 c4 32. Ke2 c3 33. Ra1# 1-0